Faculty of Law Library — Cairo University

Official Online Catalog

Traité théorique et pratique du droit pénal français / (Record no. 74427)

MARC details
000 -LEADER
fixed length control field 00935nam a22002897i 4500
003 - CONTROL NUMBER IDENTIFIER
control field EG-GICUC
005 - DATE AND TIME OF LATEST TRANSACTION
control field 20260430102203.0
008 - FIXED-LENGTH DATA ELEMENTS--GENERAL INFORMATION
fixed length control field 260430t1916 ua|||||fr|||| 00| 0 fre d
040 ## - CATALOGING SOURCE
Original cataloging agency EG-GICUC
Transcribing agency EG-GICUC
Modifying agency EG-GICUC
Description conventions rda
Language of cataloging fre
043 ## - GEOGRAPHIC AREA CODE
Geographic area code e-fr---
082 04 - DEWEY DECIMAL CLASSIFICATION NUMBER
Edition number 21
Classification number 343.3
092 04 - LOCALLY ASSIGNED DEWEY CALL NUMBER (OCLC)
Edition number 21
099 ## - LOCAL FREE-TEXT CALL NUMBER (OCLC)
Classification number Law1 10 343.3044 Re.T 1916
100 1# - MAIN ENTRY--PERSONAL NAME
Personal name Garraud, René
Dates associated with a name 1849-
245 10 - TITLE STATEMENT
Title Traité théorique et pratique du droit pénal français /
Statement of responsibility, etc. René Garraud,.
250 ## - EDITION STATEMENT
Edition statement 3. édition complètement rev. et considérablement augm.
264 ## - PRODUCTION, PUBLICATION, DISTRIBUTION, MANUFACTURE, AND COPYRIGHT NOTICE
Place of production, publication, distribution, manufacture Paris,
Name of producer, publisher, distributor, manufacturer Recueil Sirey,
Date of production, publication, distribution, manufacture, or copyright notice 1913-1924.
300 ## - PHYSICAL DESCRIPTION
Extent 725 pages
Dimensions 24 سم
336 ## - CONTENT TYPE
Source rda content
Content type term text
337 ## - MEDIA TYPE
Source rda media
Media type term Computer
338 ## - CARRIER TYPE
Source rda carrier
Carrier type term Online Resource
650 14 - SUBJECT ADDED ENTRY--TOPICAL TERM
Source of heading or term qrmak
Topical term or geographic name entry element Droit de procédure pénale
Geographic subdivision France
651 1# - SUBJECT ADDED ENTRY--GEOGRAPHIC NAME
Source of heading or term qrmak
856 40 - ELECTRONIC LOCATION AND ACCESS
Uniform Resource Identifier <a href="https://fll.law.cu.edu.eg/fulltext/bks/B10-09940.pdf">https://fll.law.cu.edu.eg/fulltext/bks/B10-09940.pdf</a>
905 ## - Cataloger and Reviser Names
Cataloger Name: Radwa
942 ## - ADDED ENTRY ELEMENTS (KOHA)
Source of classification or shelving scheme Dewey Decimal Classification
Koha item type Books
Edition 21
Suppress in OPAC No
Holdings
Withdrawn status Lost status Source of classification or shelving scheme Damaged status Not for loan Collection Home library Current library Date acquired Total checkouts Full call number Barcode Date last seen Price effective from Koha item type
    Dewey Decimal Classification   Not for loan القانون الجنائي جــــامعة القــاهرة مكتبة كلية الحقوق - المبنى الرئيسي 30.04.2026   Law1 10 343.3044 Re.T 1916 1009940 C1 B10-09940 30.04.2026 30.04.2026 Books

© All rights reserved — Faculty of Law, Cairo University